000 00952cam a2200313 4500
001 1763
003 BD-RjUL
005 20211208233415.0
008 131209s1973 enk b 001 0 eng
020 _a0851170501
035 _a(BD-RjUL)1790
040 _aDLC
_cDLC
_dDLC
_dBD-RjUL
_beng
041 _aeng
082 0 0 _a155.2
_220
_bEYI 1973
100 1 _aEysenck, H. J.
_q(Hans Jurgen),
_d1916-1997.
_95838
245 1 4 _aThe inequality of man /
_cH. J. Eysenck.
260 _aLondon :
_bTemple Smith,
_cc1973.
300 _a288 p. ;
_c22 cm.
350 _a£3.00
504 _aBibliography: p. [272]-276.
650 0 _aDifference (Psychology)
_95839
650 0 _aNature and nurture.
_95840
650 0 _aIntellect.
_9395
650 0 _aPersonality.
_95841
856 _3worldcat details
_uhttp://www.worldcat.org/title/inequality-of-man/oclc/820235&referer=brief_results
942 _2ddc
_cBK
999 _c1763
_d1763